000
00249nam a22000857a 4500
999
_c
516672
_d
516672
100
_a
Tiwari, Ramesh Kumar
_9
23228
245
_a
Human right and Law :
_b
Bonded labour in India
_c
by Ramesh Kumar Tiwari
260
_a
Delhi
_b
Foundation
_c
2011
300
_a
174p.